Statistics for 2015/16 Champions

Click here to take the quiz!

General Stats

  • This quiz has been taken 22 times
    (3 since last reset)
  • The average score is 17 of 19

Answer Stats

CompetitionWinners% Correct
Liga BBVABarcelona
100%
Copa Del ReyBarcelona
100%
BundesligaBayern Munich
100%
DFB - PokalBayern Munich
100%
ChampionshipBurnley
100%
Scottish Premier LeagueCeltic
100%
Serie AJuventus
100%
Coppa ItaliaJuventus
100%
Premier LeagueLeicester City
100%
Capital One CupManchester City
100%
FA CupManchester United
100%
UEFA Euro 2016Portugal
100%
Scottish ChampionshipRangers
100%
UEFA Champions LeagueReal Madrid
100%
UEFA Europa LeagueSevilla
100%
KNVB CupFeyenoord
50%
Scottish CupHibernian
50%
EredivisiePSV Eindhoven
50%
Super CopaAthletic Bilbao
0%

Score Distribution

Percentile by Number Answered

Percent of People with Each Score

Your Score History

You have not taken this quiz since the last reset